The costume of the hereditary states of the house of Austria (Record no. 7135)

MARC details
000 -CABECERA
campo de control de longitud fija 00863nam a2200265 a 4500
001 - NÚMERO DE CONTROL
campo de control BRCA_7459
005 - FECHA Y HORA DE LA ÚLTIMA TRANSACCIÓN
campo de control 20190320205838.0
008 - DATOS DE LONGITUD FIJA--INFORMACIÓN GENERAL
campo de control de longitud fija 120413s1804----enka######---#000-0#eng-#
041 ## - CÓDIGO DE LENGUA
Código de lengua del texto/banda sonora o título independiente eng
044 ## - CÓDIGO DEL PAÍS DE LA ENTIDAD EDITORA/PRODUCTORA
Código MARC del país enk
050 #4 - SIGNATURA TOPOGRÁFICA DE LA BIBLIOTECA DEL CONGRESO
Número de clasificación NK4748
Número de documento/Ítem .B47 1804
100 1# - ENTRADA PRINCIPAL--NOMBRE DE PERSONA
Nombre de persona Bertrand de Moleville, Antoine Francois
Títulos y otros términos asociados al nombre Marqués de
Fechas asociadas al nombre 1744-1818
9 (RLIN) 18364
245 10 - MENCIÓN DE TÍTULO
Título The costume of the hereditary states of the house of Austria
Mención de responsabilidad, etc. by Bertrand de Moleville ; tr. by R. C. Dallas.
260 ## - PUBLICACIÓN, DISTRIBUCIÓN, ETC.
Lugar de publicación, distribución, etc. Londres
Nombre del editor, distribuidor, etc. W. Miller
Fecha de publicación, distribución, etc. 1804
300 ## - DESCRIPCIÓN FÍSICA
Extensión xxviii p.
Otras características físicas il. a color, 50 láminas
500 ## - NOTA GENERAL
Nota general Ex-libris de: James Comerford
500 ## - NOTA GENERAL
Nota general Edición con cantos dorados
500 ## - NOTA GENERAL
Nota general Q216
546 ## - NOTA DE LENGUA/LENGUAJE
Nota de lengua/lenguaje Texto en: inglés y francés
650 14 - PUNTO DE ACCESO ADICIONAL DE MATERIA--TÉRMINO DE MATERIA
Término de materia o nombre geográfico como elemento de entrada Indumentaria
Subdivisión geográfica Austria
9 (RLIN) 18365
650 14 - PUNTO DE ACCESO ADICIONAL DE MATERIA--TÉRMINO DE MATERIA
Término de materia o nombre geográfico como elemento de entrada Austria, Casa de
9 (RLIN) 18366
700 1# - PUNTO DE ACCESO ADICIONAL--NOMBRE DE PERSONA
Nombre de persona Dallas, R. C.
Término indicativo de función/relación tr.
9 (RLIN) 18367
902 ## - CATALOGADOR
Iniciales GFM
942 ## - ELEMENTOS DE PUNTO DE ACCESO ADICIONAL (KOHA)
Fuente del sistema de clasificación o colocación Library of Congress Classification
Tipo de ítem Koha Libros
Holdings
Estado de retiro Estado de pérdida Estado dañado No para préstamo Localización permanente Ubicación/localización actual Fecha de adquisición Número de inventario Total de préstamos Signatura topográfica completa Código de barras Fecha visto por última vez Precio válido a partir de Tipo de ítem Koha
El ejemplar forma parte de la colección y puede ser consultado según las políticas vigentes.       Biblioteca del Museo Franz Mayer (Rogerio Casas-Alatriste) Biblioteca del Museo Franz Mayer (Rogerio Casas-Alatriste) 09/04/2013 Q216   NK4748 .B47 1804 (Q216) 8062 22/03/2019 22/03/2019 Libros